书目信息 |
| 题名: |
地下水水文学
|
|
| 作者: | 朱学愚 , 钱孝星 著 | |
| 分册: | ||
| 出版信息: | 北京 中国环境科学出版社 2005.07 |
|
| 页数: | 522页 | |
| 开本: | 20cm | |
| 丛书名: | 中国现代科学全书 | |
| 单 册: | ||
| 中图分类: | P641.4 | |
| 科图分类: | ||
| 主题词: | 地下水水文学--di xia shui shui wen xue | |
| 电子资源: | ||
| ISBN: | 7-80209-211-6 | |
| 000 | 01025nam 2200301 450 | |
| 001 | 012006349844 | |
| 005 | 20060906105913.06 | |
| 010 | @a7-80209-211-6@dCNY50.00 | |
| 100 | @a20060611d2005 km y0chiy0120 ea | |
| 101 | 0 | @achi |
| 102 | @aCN@b110000 | |
| 105 | @aa a 000yy | |
| 200 | 1 | @a地下水水文学@Adi xia shui shui wen xue@f朱学愚, 钱孝星著@Fzhu xue yu,qian xiao xing zhu |
| 210 | @a北京@c中国环境科学出版社@d2005.07 | |
| 215 | @a522页@c图@d20cm | |
| 225 | 2 | @a中国现代科学全书@Azhong guo xian dai ke xue quan shu@i水文学 |
| 312 | @a英文并列题名取自封面。 | |
| 320 | @a有书目 | |
| 330 | @a本书内容包括:地下水的循环和储存、地下水的基本类型及特征、地下水的补给、排泄和动态等。 | |
| 410 | 0 | @12001 @a中国现代科学全书 |
| 410 | 0 | @12001 @a水文学 |
| 510 | 1 | @aGroundwater hydrology@zeng |
| 606 | 0 | @a地下水水文学@Adi xia shui shui wen xue |
| 690 | @aP641.4@v4 | |
| 701 | 0 | @a朱学愚@Azhu xue yu@4著 |
| 701 | 0 | @a钱孝星@Aqian xiao xing@4著 |
| 801 | 0 | @aCN@bQSSK@c20060906 |
| 905 | @a10447@dP641.4@eZ888 | |
| 地下水水文学/朱学愚, 钱孝星著.-北京:中国环境科学出版社,2005.07 |
| 522页:图;20cm.-(中国现代科学全书.水文学) |
| ISBN 7-80209-211-6:CNY50.00 |
| 本书内容包括:地下水的循环和储存、地下水的基本类型及特征、地下水的补给、排泄和动态等。 |
| ● |
| 相关链接 |
|
|
|
正题名:地下水水文学
索取号:P641.4/Z888
 
预约/预借
| 序号 | 登录号 | 条形码 | 馆藏地/架位号 | 状态 | 备注 |
| 1 | 584232 | 205842329 | 自科库401/401自科库 133排1列2层/ [索取号:P641.4/Z888] | 在馆 | |
| 2 | 584233 | 205842338 | 土木与交通工程学院资料室/401自科库 68排5列4层/ [索取号:P641.4/Z888] | 在馆 | |
| 3 | 584234 | 205842347 | 土木与交通工程学院资料室/401自科库 68排5列4层/ [索取号:P641.4/Z888] | 在馆 |